000 00476nam a2200169Ia 4500
999 _c36609
_d36609
003 OSt
005 20201211113136.0
008 190216s9999||||xx |||||||||||||| ||und||
020 _a0710097654
040 _coclc
082 _a370.1
_bWHI/B
100 _aWhite, Patricia
_97380
245 0 _aBeyond Domination /
_cPatricia White
260 _bRoutledge Kegan Paul,
_c1983.
_aLondon:
300 _a181p
942 _cREF
_2ddc
_h370.1
_iWHI/B
_k370.1
_mWHI/B